00579nam a2200181Ia 4500003000900000008004100009020001800050040001600068080001300084100001600097245014700113260004400260300001600304650001400320650000900334650002400343650003000367IN-BaIIA211028s9999 xx 000 0 eng d a0-19-509599-5 cIIA Library a577bKAU aKauffman, S 0aAt home in the universebthe search for laws of self-organization and complexitycS. Kauffman  aNew YorkbOxford University Pressc1995 aviii, 321p. aEvolution aLife aMolecular evolution aSelf - organizing systems